Homenaje a la bandera /

Guardado en:
Autor Principal: D'angelo, Diego
Formato: Deslizar
Series:TVQ
Materias:
Etiquetas: Agregar Etiqueta
Sin Etiquetas, Sea el primero en etiquetar este registro!
LEADER 00877ngm a22002655g 4500
001 CEM.cems022092
008 130507b1994##################0###0#####d
005 20241003212817.0
245 1 0 |a Homenaje a la bandera /  |c Diego D'angelo. 
300 |a 22'. 
490 0 |a TVQ 
500 |a En soporte VHS, consultar en ventanilla. 
505 0 |a Rosario: monumento a la bandera. Belgrano. La jura de la bandera. Creación del escudo. 
538 |a Soporte: VHS - Norma: Pal N - Color - Grabación DRD 1994 - Hitachi=4660 
100 1 |a D'angelo, Diego 
082 9 8 |. 03/ARC 
653 |a ARGENTINA-HISTORIA 
653 |a BANDERA 
653 |a BELGRANO, MANUEL 
653 |a ROSARIO 
653 |a MONUMENTO A LA BANDERA 
653 |a ESCUDO NACIONAL 
653 |a ARGENTINA 
653 |a NIVEL SECUNDARIO 
859 |a CEMS  |b BIB. CEMS - Depto. Recursos Didacticos  |h 982.03  |i ARC  |k DRD  |p 735.12  |t Ej.1